| 000 | 08200nam a22006614a 4500 | ||
|---|---|---|---|
| 005 | 20080729164931.0 | ||
| 008 | 080416s2008 waua 001 0 eng | ||
| 010 | _aB-278679-712 | ||
| 020 |
_a9788179927236 _c295.00 |
||
| 035 | _aB-278679-712 | ||
| 037 | _aAakar Books/1-119/10.6.08/63/16.5.08/11.7.08/ | ||
| 040 |
_aDPL _bEnglish |
||
| 082 | _a613.7176 | ||
| 100 | _aCarlson,Bob | ||
| 245 |
_aWalking for health fitness and sport / _cby Bob Carlson |
||
| 260 |
_aMumbai _bJaico Publishing House _c2007 |
||
| 270 |
_a121 Mahatma Gandhi Road, _bMumbai _e400001 |
||
| 300 |
_axiv, 271p. _c22cm (pbk) |
||
| 500 | _aIncludes index | ||
| 942 |
_2ddc _cEN _mCAR _h613.7176 |
||
| 999 |
_c17455 _d17455 |
||